| 000 | 00348 a2200133 4500 | ||
|---|---|---|---|
| 003 | Nust | ||
| 005 | 20170207154355.0 | ||
| 040 | _cNust | ||
| 082 | _a799 | ||
| 245 |
_aSports (Photo Album Vol No. 1, 2001) _hMCS |
||
| 260 |
_aRawalpindi _bMCS _c2001 |
||
| 650 | _aPictures of Sports in MCS ,(Photo Album Vol No. 1, 2001,CD-NO-6) | ||
| 651 | _aSweet Memories-MCS | ||
| 942 | _cBK | ||
| 999 |
_c197178 _d197178 |
||